[Event "FIDE World Bl Team Pool B"]
[Site "London ENG"]
[Date "2025.06.14"]
[Round "1.1"]
[White "Sevian, Samuel"]
[Black "Murawski, Jan"]
[Result "1-0"]
[WhiteTitle "GM"]
[BlackTitle "CM"]
[WhiteElo "2687"]
[BlackElo "2164"]
[WhiteTeam "Freedom"]
[BlackTeam "UK Chess Challenge Masters"]
[WhiteFideId "2040506"]
[BlackFideId "21009287"]
[EventDate "2025.06.14"]
[EventType "team"]

1. e4 e5 2. Nf3 Nc6 3. Bc4 Bc5 4. c3 Nf6 5. d3 d6 6. Bg5 h6 7. Bh4 g5 8. Bg3 a6
9. Nbd2 Bg4 10. h3 Bh5 11. a4 Qd7 12. b4 Bb6 13. Bb3 g4 14. hxg4 Bxg4 15. Nc4
Nh5 16. Qe2 Nxg3 17. fxg3 O-O-O 18. a5 Ba7 19. Ba4 Rde8 20. b5 axb5 21. Bxb5 d5
22. Ncd2 dxe4 23. dxe4 f5 24. a6 fxe4 25. axb7+ Kb8 26. Qxe4 Re6 27. Qa4 Na5 28.
Qxa5 1-0

[Event "FIDE World Bl Team Pool B"]
[Site "London ENG"]
[Date "2025.06.14"]
[Round "1.2"]
[White "Zhu, Pengxiao"]
[Black "Le, Quang Liem"]
[Result "0-1"]
[BlackTitle "GM"]
[WhiteElo "1938"]
[BlackElo "2729"]
[WhiteTeam "UK Chess Challenge Masters"]
[BlackTeam "Freedom"]
[WhiteFideId "499307"]
[BlackFideId "12401137"]
[EventDate "2025.06.14"]
[EventType "team"]

1. d4 Nf6 2. c4 e6 3. Nc3 Bb4 4. Qc2 d5 5. cxd5 exd5 6. Bg5 h6 7. Bh4 Nc6 8. e3
g5 9. Bg3 h5 10. Bb5 h4 11. Be5 O-O 12. Bxc6 bxc6 13. h3 Rb8 14. Ne2 Re8 15. O-O
Bd6 16. Bxd6 cxd6 17. b3 Nh5 18. Na4 Bd7 19. Rac1 Qf6 20. Qd3 Qg7 21. Nac3 g4
22. hxg4 Qxg4 23. f3 Qg5 24. e4 Kh8 25. f4 dxe4 26. Nxe4 Qg6 27. N2c3 Bf5 28.
Rce1 d5 29. Qf3 dxe4 30. Qf2 Ng3 31. d5 h3 32. Qd4+ Kh7 33. Rf2 h2+ 34. Kxh2
Qh5+ 0-1

[Event "FIDE World Bl Team Pool B"]
[Site "London ENG"]
[Date "2025.06.14"]
[Round "1.3"]
[White "Martirosyan, Haik M."]
[Black "Sefton, Adam"]
[Result "1-0"]
[WhiteTitle "GM"]
[WhiteElo "2635"]
[BlackElo "2047"]
[WhiteTeam "Freedom"]
[BlackTeam "UK Chess Challenge Masters"]
[WhiteFideId "13306553"]
[BlackFideId "343400965"]
[EventDate "2025.06.14"]
[EventType "team"]

1. d4 Nf6 2. c4 e6 3. Nf3 d5 4. Nc3 Be7 5. cxd5 exd5 6. Bf4 c6 7. e3 O-O 8. Bd3
Re8 9. O-O Nbd7 10. h3 Nf8 11. Qc2 Ng6 12. Bh2 Be6 13. a3 a6 14. b4 Qc8 15. Ng5
Bd7 16. Na4 Bd8 17. Nc5 Bc7 18. Bxc7 Qxc7 19. Rfe1 Rad8 20. f4 Bc8 21. Nf3 Re7
22. Ne5 Rde8 23. Re2 Nd7 24. Rf1 Ndxe5 25. fxe5 b6 26. Na4 Be6 27. Ref2 Rc8 28.
Qe2 a5 29. bxa5 bxa5 30. Nc5 Nf8 31. Qh5 g6 32. Qg5 Rce8 33. h4 Qd8 34. h5 Nd7
35. Nb7 Qb8 36. Nd6 Rf8 37. Qxe7 Qb3 38. hxg6 Qxd3 39. gxf7+ 1-0

[Event "FIDE World Bl Team Pool B"]
[Site "London ENG"]
[Date "2025.06.14"]
[Round "1.4"]
[White "Yu, Rock"]
[Black "Mamedov, Rauf"]
[Result "0-1"]
[BlackTitle "GM"]
[WhiteElo "2057"]
[BlackElo "2657"]
[WhiteTeam "UK Chess Challenge Masters"]
[BlackTeam "Freedom"]
[WhiteFideId "489000"]
[BlackFideId "13401653"]
[EventDate "2025.06.14"]
[EventType "team"]

1. c4 g6 2. Nc3 c5 3. Nf3 Bg7 4. e3 Nf6 5. d4 cxd4 6. exd4 d5 7. c5 Nc6 8. Bb5
O-O 9. O-O Bg4 10. Bxc6 bxc6 11. Bf4 Nd7 12. h3 Bxf3 13. Qxf3 Bxd4 14. Rad1 Bg7
15. b4 e5 16. Bd2 e4 17. Qe2 Re8 18. Qa6 Qc8 19. Qxc8 Raxc8 20. Ne2 Ne5 21. Bc3
Nd3 22. Bxg7 Kxg7 23. a3 a5 24. Nc1 Nxc1 25. Rxc1 axb4 26. axb4 Rb8 27. Rb1 Rb5
28. Rb3 Ra8 29. f3 f5 30. g4 Rab8 31. gxf5 Rxb4 32. f6+ Kf7 33. Ra3 exf3 34.
Rfxf3 Rb1+ 35. Kg2 R8b2+ 36. Kg3 Rg1+ 37. Kh4 Rb4+ 0-1

[Event "FIDE World Bl Team Pool B"]
[Site "London ENG"]
[Date "2025.06.14"]
[Round "1.5"]
[White "Injac, Teodora"]
[Black "Longson, Sarah N"]
[Result "1-0"]
[WhiteTitle "IM"]
[BlackTitle "WFM"]
[WhiteElo "2457"]
[BlackElo "1941"]
[WhiteTeam "Freedom"]
[BlackTeam "UK Chess Challenge Masters"]
[WhiteFideId "932400"]
[BlackFideId "2501465"]
[EventDate "2025.06.14"]
[EventType "team"]

1. d4 d5 2. Nf3 Nf6 3. Bf4 c5 4. e3 Nc6 5. Nbd2 Qb6 6. dxc5 Qxb2 7. Rb1 Qc3 8.
Bb5 g6 9. O-O Bg7 10. Nb3 O-O 11. Qd3 Qxd3 12. cxd3 a5 13. Bxc6 bxc6 14. h3 Nd7
15. d4 a4 16. Nbd2 Ba6 17. Rfc1 f6 18. Rb4 Bb5 19. Nb1 e5 20. Bg3 Rfb8 21. Nc3
Bc4 22. Rcb1 Rxb4 23. Rxb4 a3 24. Nd2 Bd3 25. Rb7 Nb8 26. Rb3 Na6 27. Nxd5 cxd5
28. Rxd3 Nb4 29. Rb3 Nxa2 30. Nb1 exd4 31. exd4 f5 32. Rxa3 Rxa3 33. Nxa3 Bxd4
34. c6 Bb6 35. Nb5 d4 36. c7 Bxc7 37. Bxc7 d3 38. Bf4 Kf7 39. Kf1 Ke6 40. Ke1
Kd5 41. Kd2 Ke4 42. Bh6 Nb4 43. Nc3+ Kd4 44. Bg7+ Kc4 45. Nd1 Nd5 46. Nb2+ Kc5
47. Nxd3+ Kc4 48. Ne5+ Kc5 49. Nd7+ Kd6 50. Nf6 h5 51. Nxd5 Kxd5 52. Ke3 1-0

[Event "FIDE World Bl Team Pool B"]
[Site "London ENG"]
[Date "2025.06.14"]
[Round "1.6"]
[White "Veselow, Zoe"]
[Black "Mani, Sarbartho"]
[Result "0-1"]
[WhiteElo "1761"]
[BlackElo "1847"]
[WhiteTeam "UK Chess Challenge Masters"]
[BlackTeam "Freedom"]
[WhiteFideId "497657"]
[BlackFideId "366112022"]
[EventDate "2025.06.14"]
[EventType "team"]

1. e4 e6 2. d4 d5 3. exd5 exd5 4. Bd3 Bd6 5. Qf3 c6 6. Be3 h6 7. Ne2 Nf6 8. h3
O-O 9. Nbc3 b5 10. g4 b4 11. Nd1 Ne4 12. Bxe4 dxe4 13. Qxe4 Re8 14. Qg2 Be6 15.
O-O Bd5 16. f3 Nd7 17. g5 h5 18. h4 g6 19. b3 a5 20. Bd2 c5 21. Kh1 cxd4 22.
Nxd4 Bc5 23. Ne2 Qb6 24. Nf4 Bb7 25. Nf2 Bd4 26. Rad1 Ne5 27. N2d3 Rac8 28. Nxe5
Bxe5 29. Bc1 Qc7 30. Rf2 Bxf4 31. Bxf4 Qxf4 32. Qh3 Rxc2 33. Rxc2 Bxf3+ 34. Kg1
Bxd1 35. Rc8 Rxc8 36. Qxc8+ Kh7 37. Qd7 Qg4+ 38. Qxg4 hxg4 39. Kf2 Bc2 40. Kg3
Bb1 41. Kxg4 Bxa2 42. Kf4 Bxb3 43. Ke5 a4 44. Kf6 a3 45. Ke5 a2 0-1

[Event "FIDE World Bl Team Pool B"]
[Site "London ENG"]
[Date "2025.06.14"]
[Round "1.1"]
[White "Turner, Matthew J"]
[Black "Harvey, Marcus R"]
[Result "1-0"]
[WhiteTitle "GM"]
[BlackTitle "IM"]
[WhiteElo "2441"]
[BlackElo "2445"]
[WhiteTeam "Sassy Seniors"]
[BlackTeam "Wood Green"]
[WhiteFideId "402893"]
[BlackFideId "400092"]
[EventDate "2025.06.14"]
[EventType "team"]

1. d4 Nf6 2. Nf3 b6 3. Bg5 Bb7 4. Nbd2 e6 5. e3 h6 6. Bh4 Be7 7. Bd3 O-O 8. O-O
Nh5 9. Ne5 Bxh4 10. Qxh5 Be7 11. f4 Nc6 12. Nxc6 Bxc6 13. c3 f5 14. Rae1 Qe8 15.
Qxe8 Rfxe8 16. e4 fxe4 17. Bxe4 Bxe4 18. Nxe4 a5 19. a4 Rab8 20. f5 exf5 21.
Rxf5 Bf8 22. Kf1 Re7 23. Nd2 Rf7 24. Rxf7 Kxf7 25. Nf3 Bd6 26. Ne5+ Bxe5 27.
Rxe5 d6 28. Re2 b5 29. axb5 Rxb5 30. Kf2 a4 31. Ke3 Rb3 32. Kd3 a3 33. bxa3 Rxa3
34. Kc4 Ra5 35. h3 h5 36. Kb4 Rg5 37. c4 h4 38. d5 Rg3 39. Kb5 Rc3 40. Re4 Rc2
41. Rxh4 Rxg2 42. Kc6 g5 43. Rg4 Rh2 44. Rxg5 Rxh3 45. Rg4 Kf6 46. Kxc7 Ke5 47.
Kc6 Rh8 48. Rg5+ Kf6 49. Rg1 Rc8+ 50. Kxd6 Rxc4 51. Rf1+ Kg7 52. Kd7 Ra4 53. d6
Ra7+ 54. Ke8 Ra8+ 55. Ke7 Ra4 56. Rg1+ Kh6 57. Re1 Kg6 58. d7 Ra7 59. Ke8 1-0

[Event "FIDE World Bl Team Pool B"]
[Site "London ENG"]
[Date "2025.06.14"]
[Round "1.2"]
[White "Willow, Jonah B"]
[Black "Dishman, Stephen"]
[Result "1/2-1/2"]
[WhiteTitle "IM"]
[BlackTitle "FM"]
[WhiteElo "2470"]
[BlackElo "2274"]
[WhiteTeam "Wood Green"]
[BlackTeam "Sassy Seniors"]
[WhiteFideId "438804"]
[BlackFideId "403024"]
[EventDate "2025.06.14"]
[EventType "team"]

1. e4 c6 2. d4 d5 3. e5 c5 4. Nf3 cxd4 5. Qxd4 Nc6 6. Qf4 e6 7. Nc3 Nb4 8. Qd2
Ne7 9. a3 Nbc6 10. Bd3 Ng6 11. Qe2 a6 12. O-O Qc7 13. Re1 Be7 14. g3 O-O 15. h4
f6 16. Bxg6 hxg6 17. Bf4 Qb6 18. Qd3 f5 19. Ne2 Bd7 20. Be3 Qb5 21. Qd2 Rac8 22.
c3 Na5 23. Ned4 Qc4 24. Bg5 Bc5 25. Rab1 Nb3 26. Nxb3 Qxb3 27. Be3 Be7 28. Kh2
Qa4 29. Nd4 Bc5 30. Nf3 Be7 31. Bd4 Qb3 32. Qf4 Qc2 33. Rec1 Qe2 34. Kg2 Qb5 35.
Ng5 Bxg5 36. Qxg5 Be8 37. Rh1 Qe2 38. Rbe1 Qg4 39. Qe7 Bf7 40. f3 Qh5 41. Qxb7
Rb8 42. Qxa6 Rxb2+ 43. Re2 Rfb8 44. Re1 g5 45. hxg5 Qxg5 46. Qd3 Bh5 47. Rxb2
Rxb2+ 48. Re2 Rb3 49. a4 Qc1 50. Qe3 Qd1 51. Re1 Qc2+ 52. Qf2 Qd3 53. a5 Qb5 54.
Kh3 Qxa5 55. Qd2 Qb5 56. Re2 Rb1 57. Re1 Bxf3 58. Rxb1 Qxb1 59. Qf2 Qh1+ 60. Qh2
Qf1+ 61. Kh4 Be4 62. Kg5 Qf3 63. Qh4 Kf7 64. Qh5+ Qxh5+ 65. Kxh5 1/2-1/2

[Event "FIDE World Bl Team Pool B"]
[Site "London ENG"]
[Date "2025.06.14"]
[Round "1.3"]
[White "Vujatovic, Rajko"]
[Black "Czopor, Maciej"]
[Result "0-1"]
[BlackTitle "IM"]
[WhiteElo "2222"]
[BlackElo "2423"]
[WhiteTeam "Sassy Seniors"]
[BlackTeam "Wood Green"]
[WhiteFideId "403393"]
[BlackFideId "21805431"]
[EventDate "2025.06.14"]
[EventType "team"]

1. e4 c5 2. Nf3 e6 3. d4 cxd4 4. Nxd4 Nf6 5. Nc3 Nc6 6. Ndb5 Bc5 7. Nd6+ Ke7 8.
Bf4 e5 9. Nf5+ Kf8 10. Bg5 d6 11. Ne3 h6 12. Bxf6 Qxf6 13. Ncd5 Qd8 14. Bd3 g6
15. O-O Kg7 16. c3 Be6 17. b4 Bxe3 18. Nxe3 Rc8 19. a3 Qb6 20. Rc1 Rhd8 21. Bc4
Bxc4 22. Nxc4 Qc7 23. Ne3 Ne7 24. Nd5 Nxd5 25. Qxd5 Qc6 26. Rfd1 Qxd5 27. Rxd5
Kf6 28. Kf1 Rc4 29. f3 Ke6 30. Ke2 f5 31. Kd3 Rdc8 32. a4 Rxb4 33. cxb4 Rxc1 34.
Rb5 b6 35. a5 Rc6 36. axb6 Rxb6 37. Rxb6 axb6 38. Kc4 fxe4 39. fxe4 d5+ 40.
exd5+ Kd6 41. g4 b5+ 42. Kxb5 Kxd5 43. Ka6 e4 44. b5 e3 45. b6 e2 46. b7 e1=Q
47. b8=Q Qa1+ 48. Kb7 Qb2+ 49. Kc7 Qxb8+ 50. Kxb8 Ke4 51. Kc7 Kf4 52. Kd6 Kxg4
53. Ke6 h5 54. Kf6 h4 55. Kxg6 h3 56. Kf6 Kf3 57. Kg5 Kg2 58. Kf4 Kxh2 59. Kf3
Kg1 0-1

[Event "FIDE World Bl Team Pool B"]
[Site "London ENG"]
[Date "2025.06.14"]
[Round "1.4"]
[White "Wadsworth, Matthew J"]
[Black "Lishoy Gengis Paratazham, Dildarav"]
[Result "1-0"]
[WhiteTitle "IM"]
[WhiteElo "2481"]
[BlackElo "2084"]
[WhiteTeam "Wood Green"]
[BlackTeam "Sassy Seniors"]
[WhiteFideId "415804"]
[BlackFideId "491462"]
[EventDate "2025.06.14"]
[EventType "team"]

1. c4 e5 2. g3 Nc6 3. Bg2 g6 4. Nc3 Bg7 5. e4 Nge7 6. Nge2 d6 7. d3 O-O 8. O-O
Kh8 9. Be3 f5 10. f3 Nd4 11. Nd5 c6 12. Nxe7 Qxe7 13. Qd2 Be6 14. Nxd4 exd4 15.
Bg5 Qd7 16. exf5 Bxf5 17. g4 Be6 18. h3 Rae8 19. Rae1 Bg8 20. f4 d5 21. c5 b6
22. b4 bxc5 23. bxc5 Rxe1 24. Rxe1 Re8 25. Rxe8 Qxe8 26. f5 gxf5 27. gxf5 Qf8
28. Qf4 Bf6 29. h4 Qe7 30. Kf1 Bxg5 31. hxg5 Bf7 32. f6 Qe3 33. Qxe3 dxe3 34. d4
h6 35. gxh6 Kh7 36. Bh3 Kxh6 37. Ke2 Kg5 38. Kxe3 Kxf6 39. Bd7 Kg5 40. Bxc6 Kg4
41. Bd7+ Kg3 42. c6 Bg6 43. c7 Be4 44. c8=Q Kg2 45. Qg8+ Kf1 46. Bb5+ Ke1 47.
Qg1# 1-0

[Event "FIDE World Bl Team Pool B"]
[Site "London ENG"]
[Date "2025.06.14"]
[Round "1.5"]
[White "Dishman, Matthew"]
[Black "Orlovska, Madara"]
[Result "1-0"]
[WhiteElo "1978"]
[BlackElo "2059"]
[WhiteTeam "Sassy Seniors"]
[BlackTeam "Wood Green"]
[WhiteFideId "438642"]
[BlackFideId "11601825"]
[EventDate "2025.06.14"]
[EventType "team"]

1. e4 c5 2. Bc4 Nc6 3. Nc3 a6 4. a4 e6 5. d3 g6 6. Ba2 Bg7 7. f4 Nge7 8. Nf3 d5
9. O-O Nd4 10. Ne2 Nxf3+ 11. gxf3 O-O 12. Kh1 Bd7 13. c3 b5 14. Be3 Qc7 15. Bb3
c4 16. Bc2 b4 17. cxb4 Bxb2 18. Rb1 Bg7 19. Qd2 Rfd8 20. d4 Nc6 21. e5 a5 22. b5
Nb4 23. Nc3 f6 24. Rg1 Rf8 25. Bd1 Nd3 26. Be2 fxe5 27. fxe5 Rf5 28. Bxd3 cxd3
29. Rbf1 Rc8 30. Nd1 Qc2 31. Nf2 Qxd2 32. Bxd2 Rc2 33. Rd1 Rxf3 34. Ng4 h5 35.
Ne3 Rxd2 36. Rxd2 Rxe3 37. Rxg6 Kf7 38. Rg3 Bh6 39. Rxe3 Bxe3 40. Rxd3 Bg5 41.
Kg2 Kg6 42. Kf3 Kf5 43. Rc3 Bd2 44. Rc7 Be8 45. b6 h4 46. b7 Bh5+ 47. Kf2 Ke4
48. b8=Q Be3+ 49. Kf1 Bxd4 50. Qh8 Bg6 51. Qxh4+ Kxe5 52. Qh6 Bd3+ 53. Ke1 Be4
54. Re7 Bf5 55. Qg7+ Kd6 56. Rd7+ Kc5 57. Qe7+ Kc4 58. Qa3 Bc3+ 59. Ke2 Bb4 60.
Rc7+ Kd4 61. Qe3# 1-0

[Event "FIDE World Bl Team Pool B"]
[Site "London ENG"]
[Date "2025.06.14"]
[Round "1.6"]
[White "Barwick, Carmel"]
[Black "Regan, Natasha K"]
[Result "0-1"]
[BlackTitle "WIM"]
[WhiteElo "1915"]
[BlackElo "2064"]
[WhiteTeam "Wood Green"]
[BlackTeam "Sassy Seniors"]
[WhiteFideId "442925"]
[BlackFideId "403067"]
[EventDate "2025.06.14"]
[EventType "team"]

1. Nf3 d5 2. b3 Nf6 3. Bb2 e6 4. e3 c5 5. g3 Nc6 6. Bg2 Be7 7. O-O O-O 8. d3 b5
9. Nbd2 a5 10. a4 bxa4 11. Rxa4 Bd7 12. Ra1 Nb4 13. Ne5 Be8 14. Ndf3 a4 15. c3
Nc6 16. bxa4 Nxe5 17. Nxe5 Qb8 18. Qc2 Qxe5 19. c4 Qh5 20. cxd5 exd5 21. a5 Rc8
22. a6 Bc6 23. a7 Ra8 24. Ra5 Rfc8 25. Be5 Ng4 26. h3 Nxe5 27. f4 Nd7 28. Kh2
Rc7 29. Bf3 Qg6 30. Rfa1 Nf6 31. Ra6 h5 32. Qd2 Bb5 33. R6a5 Bxd3 34. g4 hxg4
35. hxg4 Be4 36. Bxe4 Qxe4 37. Kg3 Bd6 38. Rf1 d4 39. exd4 cxd4 40. Ra6 Bc5 41.
Ra5 Raxa7 42. Rb5 Rc8 43. Rbb1 Bd6 44. Rbe1 Qd5 45. Rh1 Ra2 46. Qd1 Qg2+ 47. Kh4
Rd2 48. Qb1 Qxg4# 0-1

[Event "FIDE World Bl Team Pool B"]
[Site "London ENG"]
[Date "2025.06.14"]
[Round "1.1"]
[White "O'Gorman, Tom"]
[Black "Ghasi, Ameet K"]
[Result "0-1"]
[WhiteTitle "IM"]
[BlackTitle "GM"]
[WhiteElo "2379"]
[BlackElo "2513"]
[WhiteTeam "Oxbridge"]
[BlackTeam "Sharks 4NCL"]
[WhiteFideId "2508249"]
[BlackFideId "409200"]
[EventDate "2025.06.14"]
[EventType "team"]

1. e4 c6 2. d4 d5 3. Nc3 dxe4 4. Nxe4 Nf6 5. Nxf6+ exf6 6. c3 Bd6 7. Bd3 O-O 8.
Qc2 Re8+ 9. Ne2 h6 10. O-O Na6 11. Bd2 Nc7 12. Rae1 Nd5 13. a3 b5 14. b3 Be6 15.
c4 bxc4 16. bxc4 Ne7 17. Qa4 Qd7 18. Rb1 Bf5 19. Qc2 Bxd3 20. Qxd3 Nf5 21. Ng3
Bxg3 22. hxg3 Nxd4 23. Kh1 Qg4 24. f3 Qh5+ 25. Kg1 Rad8 26. Rbe1 Ne2+ 27. Qxe2
Rxe2 28. Rxe2 Qc5+ 29. Be3 Qxa3 30. Rff2 Rd1+ 31. Kh2 Qc3 32. Bxa7 Qa5 0-1

[Event "FIDE World Bl Team Pool B"]
[Site "London ENG"]
[Date "2025.06.14"]
[Round "1.2"]
[White "Rendle, Thomas E"]
[Black "Goh, Jinghan Cameron"]
[Result "1-0"]
[WhiteTitle "IM"]
[WhiteElo "2370"]
[BlackElo "2178"]
[WhiteTeam "Sharks 4NCL"]
[BlackTeam "Oxbridge"]
[WhiteFideId "408760"]
[BlackFideId "5804540"]
[EventDate "2025.06.14"]
[EventType "team"]

1. d4 Nf6 2. c4 e6 3. g3 c5 4. d5 exd5 5. cxd5 d6 6. Nc3 g6 7. Bg2 Bg7 8. Nf3
O-O 9. O-O Re8 10. Bf4 Ne4 11. Nxe4 Rxe4 12. Nd2 Rb4 13. a3 Rxf4 14. gxf4 Bxb2
15. Rb1 Bg7 16. Nc4 b5 17. Rxb5 Ba6 18. Qb3 Bxb5 19. Qxb5 Bf8 20. e4 Nd7 21. e5
Rb8 22. Qa6 Nb6 23. Na5 Qc7 24. Nc6 Re8 25. Re1 Bg7 26. Nxa7 dxe5 27. Nb5 Qd8
28. d6 e4 29. Nc7 Bc3 30. Rd1 e3 31. Nxe8 e2 32. Qxe2 1-0

[Event "FIDE World Bl Team Pool B"]
[Site "London ENG"]
[Date "2025.06.14"]
[Round "1.3"]
[White "Ratnesan, Ranesh"]
[Black "Roberson, Peter T"]
[Result "1-0"]
[WhiteTitle "CM"]
[BlackTitle "IM"]
[WhiteElo "2138"]
[BlackElo "2433"]
[WhiteTeam "Oxbridge"]
[BlackTeam "Sharks 4NCL"]
[WhiteFideId "439339"]
[BlackFideId "412384"]
[EventDate "2025.06.14"]
[EventType "team"]

1. d4 e6 2. c4 Nf6 3. Nc3 Bb4 4. a3 Bxc3+ 5. bxc3 c5 6. f3 Nc6 7. d5 Na5 8. e4
d6 9. Bd3 b6 10. f4 O-O 11. Nf3 Ba6 12. e5 Ne8 13. dxe6 Bxc4 14. Bxh7+ Kxh7 15.
Ng5+ Qxg5 16. fxg5 Bxe6 17. O-O Rd8 18. Qh5+ Kg8 19. g6 fxg6 20. Rxf8+ Kxf8 21.
Qxg6 Bf7 22. Qg5 Rd7 23. Bf4 Nc4 24. Rf1 dxe5 25. Bxe5 Rd5 26. Bxg7+ Nxg7 27.
Qxd5 1-0

[Event "FIDE World Bl Team Pool B"]
[Site "London ENG"]
[Date "2025.06.14"]
[Round "1.4"]
[White "Hryshchenko, Kamila"]
[Black "Rushbrooke, Remy"]
[Result "1-0"]
[WhiteTitle "WFM"]
[WhiteElo "2097"]
[BlackElo "2090"]
[WhiteTeam "Sharks 4NCL"]
[BlackTeam "Oxbridge"]
[WhiteFideId "14147491"]
[BlackFideId "443590"]
[EventDate "2025.06.14"]
[EventType "team"]

1. e4 g6 2. d4 Bg7 3. Nc3 d6 4. Be3 a6 5. a4 b6 6. f3 Bb7 7. Nge2 Nd7 8. h4 h6
9. Qd2 e6 10. g4 Ne7 11. Bh3 h5 12. g5 d5 13. O-O O-O 14. Ng3 c5 15. Nce2 e5 16.
c3 cxd4 17. cxd4 dxe4 18. fxe4 exd4 19. Nxd4 Qc7 20. Qf2 Ne5 21. Rad1 Ng4 22.
Bxg4 hxg4 23. h5 Be5 24. Nde2 gxh5 25. Nxh5 Bxe4 26. Bd4 Ng6 27. Nf6+ Bxf6 28.
Qxf6 1-0

[Event "FIDE World Bl Team Pool B"]
[Site "London ENG"]
[Date "2025.06.14"]
[Round "1.5"]
[White "Hng, Mei-Xian Eunice"]
[Black "McCarthy, Kevin C"]
[Result "1-0"]
[WhiteTitle "WFM"]
[WhiteElo "2066"]
[BlackElo "1942"]
[WhiteTeam "Oxbridge"]
[BlackTeam "Sharks 4NCL"]
[WhiteFideId "5806585"]
[BlackFideId "470775"]
[EventDate "2025.06.14"]
[EventType "team"]

1. e3 d5 2. c4 c6 3. b3 Nf6 4. Bb2 e6 5. Qc2 g6 6. d3 Bg7 7. Nd2 a5 8. Ngf3 O-O
9. Be2 Re8 10. O-O Na6 11. a3 Bd7 12. Rfd1 Rc8 13. Bc3 b6 14. b4 Nh5 15. Rab1
Bxc3 16. Qxc3 axb4 17. axb4 Nc7 18. Ne5 Ng7 19. d4 f6 20. Nd3 Ra8 21. Ra1 Qe7
22. h3 Reb8 23. Qb2 b5 24. cxd5 Nxd5 25. e4 Nb6 26. Nc5 Na4 27. Qc2 Nxc5 28.
dxc5 Ne8 29. Nb3 Nc7 30. Qd2 Be8 31. Rxa8 Rxa8 32. Qd6 Kf7 33. h4 Ra4 34. Na5
Rxb4 35. Nxc6 Bxc6 36. Qxc6 Rb2 37. Rd7 Rxe2 38. Rxe7+ Kxe7 39. Qxc7+ 1-0

[Event "FIDE World Bl Team Pool B"]
[Site "London ENG"]
[Date "2025.06.14"]
[Round "1.6"]
[White "Morea, Georgiana-Steluta"]
[Black "Nayberg, Simona"]
[Result "1-0"]
[WhiteElo "1920"]
[BlackElo "1819"]
[WhiteTeam "Sharks 4NCL"]
[BlackTeam "Oxbridge"]
[WhiteFideId "1204319"]
[BlackFideId "2075180"]
[EventDate "2025.06.14"]
[EventType "team"]

1. c4 f5 2. Nc3 Nf6 3. d4 g6 4. Nf3 Bg7 5. e3 O-O 6. Bd3 d6 7. O-O Nc6 8. a3 a5
9. Rb1 e5 10. dxe5 dxe5 11. Be2 e4 12. Nd4 Nxd4 13. exd4 Kh8 14. Bf4 c6 15. Qd2
Qe7 16. Rfd1 Nd7 17. Bg5 Bf6 18. Bh6 Rd8 19. Bf4 Nf8 20. d5 g5 21. Be3 f4 22.
Bb6 Re8 23. Bh5 Ng6 24. Nxe4 cxd5 25. cxd5 Bf5 26. Nxf6 Qxf6 27. Bd4 Ne5 28.
Bxe8 Bxb1 29. Bh5 Bg6 30. Bxg6 hxg6 31. Qc3 Re8 32. Re1 Nf3+ 33. gxf3 Rxe1+ 34.
Qxe1 Qxd4 35. Qe8+ Kh7 36. Qe7+ Kh6 37. d6 g4 38. fxg4 Qd1+ 39. Kg2 Qxg4+ 40.
Kf1 Qd1+ 41. Kg2 Qg4+ 42. Kf1 Qd1+ 43. Qe1 Qd3+ 44. Qe2 Qxd6 45. h3 Qc6 46. Kg1
Qc1+ 47. Kg2 Qc6+ 48. Qf3 Qxf3+ 49. Kxf3 g5 50. Ke4 Kh5 51. Kf5 Kh4 52. a4 f3
53. Ke4 g4 54. hxg4 Kxg4 55. Ke3 b6 56. b3 Kg5 57. Kxf3 Kf5 58. Ke3 Ke5 59. f3
Kd5 60. f4 Ke6 61. Ke4 Kf6 62. Kd5 Kf5 63. Kc6 Kxf4 64. Kxb6 1-0

[Event "FIDE World Bl Team Pool B"]
[Site "London ENG"]
[Date "2025.06.14"]
[Round "1.1"]
[White "Madan, Augustin"]
[Black "Villiers, Thomas"]
[Result "1-0"]
[WhiteTitle "IM"]
[BlackTitle "CM"]
[WhiteElo "2259"]
[BlackElo "2158"]
[WhiteTeam "Desert Penguins"]
[BlackTeam "Hammersmith Chess Club"]
[WhiteFideId "1210327"]
[BlackFideId "427209"]
[EventDate "2025.06.14"]
[EventType "team"]

1. c4 Nf6 2. Nc3 c6 3. e4 e5 4. Nf3 d6 5. d4 Bg4 6. dxe5 Bxf3 7. gxf3 dxe5 8.
Qxd8+ Kxd8 9. f4 Bd6 10. f5 Bb4 11. Bd2 Bxc3 12. Bxc3 Nxe4 13. Bxe5 Re8 14.
O-O-O+ Nd7 15. Bg3 h6 16. f6 Nxf6 17. Bh3 Re7 18. Bd6 Re2 19. Bg3 Ke8 20. Rhe1
Rxe1 21. Rxe1+ Kf8 22. Bd6+ Kg8 23. Re7 Nb6 24. b3 Nc8 25. Bxc8 Rxc8 26. Rxb7
Ne4 27. Bg3 Nxg3 28. hxg3 h5 29. Rxa7 g5 30. Kd2 Kg7 31. Ke2 Kf6 32. b4 Re8+ 33.
Kf1 Re4 34. Ra6 Rxc4 35. b5 Kf5 36. b6 Rb4 37. a4 Ke4 38. Kg2 f5 39. a5 f4 40.
gxf4 Kxf4 41. Ra8 h4 42. Rf8+ Kg4 43. a6 h3+ 44. Kh2 Rxb6 45. a7 Ra6 46. a8=Q
Rxa8 47. Rxa8 Kf3 48. Rf8+ Ke2 49. Kxh3 c5 50. Kg4 c4 51. Kxg5 c3 52. f4 c2 53.
Rc8 1-0

[Event "FIDE World Bl Team Pool B"]
[Site "London ENG"]
[Date "2025.06.14"]
[Round "1.2"]
[White "Hill, Alistair"]
[Black "Bansal, Rohan"]
[Result "1/2-1/2"]
[WhiteElo "2178"]
[BlackElo "2005"]
[WhiteTeam "Hammersmith Chess Club"]
[BlackTeam "Desert Penguins"]
[WhiteFideId "432407"]
[BlackFideId "425052"]
[EventDate "2025.06.14"]
[EventType "team"]

1. c4 Nf6 2. Nf3 b6 3. g3 Bb7 4. Bg2 e6 5. O-O Be7 6. Nc3 d6 7. Re1 Nbd7 8. e4
O-O 9. d4 c5 10. d5 e5 11. Nh4 g6 12. Bh6 Re8 13. a3 a6 14. Nf3 Rb8 15. Bf1 Bc8
16. Rb1 Nf8 17. b4 Bd7 18. Qc2 Ng4 19. Bd2 f5 20. bxc5 bxc5 21. Rxb8 Qxb8 22.
Rb1 Qc7 23. Qb3 fxe4 24. Nxe4 Bf5 25. Bd3 Kg7 26. Qb7 Qxb7 27. Rxb7 h6 28. Nxd6
Bxd3 29. Nxe8+ Kf7 30. Nd6+ Kf6 31. Nc8 Bd8 32. h3 e4 33. Ne1 Bxc4 34. hxg4 Bxd5
35. Ra7 Be6 36. Rxa6 Ke5 37. Bc3+ Kd5 38. Nb6+ Kc6 39. Na8+ Kb7 40. Ra4 Bd5 41.
Nc2 Bc6 42. Rc4 Ne6 43. Ne3 Kxa8 44. Bd2 Kb7 45. Rc2 Nd4 46. Rb2+ Ka6 47. Kf1
Bf6 48. Bc3 Bb5+ 49. Nc4 Bxc4+ 50. Kg2 Bd5 51. Kh3 Be6 52. Rb8 h5 53. Rf8 Bxg4+
54. Kg2 Bg5 55. Re8 Bf3+ 56. Kh2 Kb5 57. Re5 Bf6 58. Bxd4 Kc4 59. Ba1 Bxe5 60.
Bxe5 Kb3 61. Kg1 c4 62. Kf1 c3 63. Ke1 Kc2 64. a4 e3 65. fxe3 Kd3 66. a5 Kxe3
67. a6 c2 68. Bf4+ Kd3 69. a7 Kc3 70. Be5+ Kd3 71. Bf4 Kc3 72. Be5+ Kd3 73. Bf4 1/2-1/2